Sports Quiz

Random Sports or MLB Quiz

MLB Detroit Tigers most games played in the 1980s Quiz Stats

 Plays Quiz not verified by Sporcle

Challenge
Share
Tweet
Embed
Score 0/100 Timer 15:00
0 Plays Today
Games Played Player % Correct
1418Lou Whitaker
99.5%
1389Alan Trammell
99.2%
1099Chet Lemon
98.7%
906Lance Parrish
97.9%
881Kirk Gibson
97.9%
85Paul Gibson
97.9%
358Willie Hernandez
97.2%
350Jack Morris
97.2%
727Darrell Evans
94.3%
843Larry Herndon
93%
351Matt Nokes
92.2%
242Dan Petry
92.2%
1146Tom Brookens
92%
598Dave Bergman
90.4%
197Howard Johnson
88.3%
294Aurelio Lopez
86.8%
153Milt Wilcox
84.7%
208Lynn Jones
81.3%
79Ruppert Jones
81.3%
46Tracy Jones
81.3%
358John Wockenfuss
80.6%
180Mike Henneman
80.6%
331Mike Heath
79.5%
151Frank Tanana
79.3%
132Walt Terrell
78.8%
240Steve Kemp
78.5%
361Johnny Grubb
77.2%
136Dave Rozema
76.4%
228Glenn Wilson
74.9%
78Doyle Alexander
74.6%
195Darnell Coles
74.1%
416Pat Sheridan
73.8%
201Marty Castillo
73.6%
196Barbaro Garbey
73.6%
Games Played Player % Correct
144Fred Lynn
72.8%
36Jason Thompson
72.5%
248Gary Pettis
72%
101Juan Berenguer
71%
87Bill Madlock
66.1%
94Ken Williams
65.3%
43Frank Williams
65.3%
250Richie Hebner
64.5%
246Enos Cabell
63.7%
89Rusty Kuntz
63.7%
184Champ Summers
63.5%
124Dave Collins
63%
69Jeff Robinson
62.4%
111Eric King
61.9%
95Doug Bair
61.1%
196Rick Peters
60.6%
141Jim Walewander
60.6%
105Gary Ward
60.4%
101Dwight Lowry
58.3%
92Mike Ivie
58%
193Al Cowens
56%
79Bill Scherrer
56%
72Mike Laga
54.7%
84Nelson Simmons
53.1%
69Randy O'Neal
52.6%
235Rick Leach
51.6%
79Doug Baker
51.6%
105Ray Knight
51.3%
79Scott Lusader
49.2%
49Dan Schatzeder
48.4%
41Torey Lovullo
48.2%
73Mark Thurmond
46.9%
63Mick Kelleher
46.1%
130Luis Salazar
45.9%
Games Played Player % Correct
71Alejandro Sanchez
45.6%
95Dave Tobik
45.3%
90Keith Moreland
44.3%
38Chuck Cary
44.3%
49Jerry Ujdur
43.3%
85Jerry Turner
43%
45Mark Wagner
42.7%
86Stan Papi
41.7%
98Rick Schu
41.5%
86Pat Underwood
41.5%
69Kevin Saucier
40.7%
41Bob Melvin
40.7%
84Tim Corcoran
40.4%
74Bill Fahey
39.1%
49Dwayne Murphy
38.3%
64Doug Strange
38.1%
58Jim Morrison
38.1%
34Bill Campbell
37.3%
38Elias Sosa
35%
32Doug Flynn
33.7%
92Mike Brumley
33.4%
45Bill Bean
33.2%
40Larry Pashnick
31.9%
31Dave Gumpert
31.1%
50Howard Bailey
30.3%
35Dave Engle
29.8%
67Jim Lentine
29.5%
59Wayne Krenchicki
29%
31Al Pedrique
28.5%
65Dave Stegman
28.2%
33Dave Rucker
27.7%
50Duffy Dyer
25.9%

You're not logged in!

Compare scores with friends on all Sporcle quizzes.
Join for Free
OR
Log In

You Might Also Like...

Show Comments

Extras

Top Quizzes Today


Score Distribution

Your Account Isn't Verified!

In order to create a playlist on Sporcle, you need to verify the email address you used during registration. Go to your Sporcle Settings to finish the process.

Report this User

Report this user for behavior that violates our Community Guidelines.

Details: